El Modelo hondureño de desarrollo agrario
Gespeichert in:
| 1. Verfasser: | |
|---|---|
| Körperschaft: | |
| Format: | Text |
| Veröffentlicht: |
Tegucigalpa:
PROCCARA
|
| Tags: |
Tag hinzufügen
Keine Tags, Fügen Sie den ersten Tag hinzu!
|
MARC
| LEADER | 00000 a a2200000 04500 | ||
|---|---|---|---|
| 001 | 22688 | ||
| 003 | |||
| 040 | |||
| 090 | |a 155600 | ||
| 100 | |a Santos de Morais, Clodomir | ||
| 110 | |a Programa de Capacitación Campesina para la Reforma Agraria | ||
| 245 | |a El Modelo hondureño de desarrollo agrario | ||
| 260 | |a Tegucigalpa: |b PROCCARA | ||
| 300 | |a 61 p | ||
| 999 | |c 15478 |d 15478 | ||
